Statistics for NFL - Dallas Cowboys All Time Best Players

Click here to take the quiz!

General Stats

  • This quiz has been taken 56 times
  • The average score is 11 of 15

Answer Stats

HintAnswer% Correct
RB - #22 - 1990-2002Emmitt Smith
100%
QB - #9 - 2003-2016Tony Romo
96%
QB - #4 - ACTIVEDak Prescott
94%
WR - #88 - ACTIVECeedee Lamb
92%
QB - #8 - 1989-2000Troy Aikman
88%
WR - #88 - 1988-1999Michael Irvin
86%
LB - #11 - ACTIVEMicah Parsons
84%
QB - #12 - 1971-1979Roger Staubach
82%
CB - #7 - ACTIVETrevon Diggs
82%
G - #70 - ACTIVEZack Martin
76%
TE - #82 - 2003-2018Jason Witten
73%
G - #73 - 1994-2007Larry allen
59%
RB - #33 - 1977-1987Tony Dorsett
57%
DE - #72 - 1974-1989Ed "Too Tall" Jones
47%
CB - #20 - 1964-1977Mel Renfro
25%

Score Distribution

Percentile by Number Answered

Percent of People with Each Score

Your Score History

You have not taken this quiz